000 00444nam a2200181Ia 4500
001 24699
005 20260414151101.0
008 260414t2001||||xx |||||||||||||| ||spa||
041 _aESP
082 _a345.725
_bG68
100 _aGonzález Pérez, Jesús
_eAUT
245 0 _aEl derecho de la tutela jurisdiccional
_b
260 _c2001
300 _a439 páginas :
_c20 cm.
650 _aDER
654 _aCDE
942 _cLIB
_dJUS
_fJUS
_2ddc
_n
999 _c24699
_d24699